| 000 | 01198cam a2200325 a 4500 | ||
|---|---|---|---|
| 001 | 1514901 | ||
| 005 | 20170619150141.0 | ||
| 008 | 890525s1988 enka b 000 0 eng | ||
| 010 | _a 89145574 | ||
| 020 | _a1870670086 | ||
| 040 |
_aDLC _cDLC _dDLC |
||
| 043 | _af-sj--- | ||
| 050 | 0 | 0 |
_aHC835.Z9 _bD48 1988 |
| 082 | 0 | 0 |
_a330.9624/04 _220 |
| 100 | 1 | _aAhmed, Abdul Rahman Abu Zayd. | |
| 245 | 0 | 0 |
_aWar wounds : _bdevelopment costs of conflict in southern Sudan / _cAbdul Rahman Abu Zayd Ahmed ... [et al.] ; preface by Olusegun Obasanjo ; edited by Nigel Twose and Benjamin Pogrund. |
| 260 |
_aLondon ; _aWashington : _bPanos Institute, _c1988. |
||
| 300 |
_aiii, 163 p. : _bill. ; _c20 cm. |
||
| 500 | _a"Sudanese people reported on their war"--Cover. | ||
| 650 | 0 |
_aWar _xEconomic aspects _zSudan. |
|
| 651 | 0 |
_aSudan _xEconomic conditions _y1973-1983. |
|
| 651 | 0 |
_aSudan _xEconomic conditions _y1983- |
|
| 651 | 0 |
_aSudan _xSocial conditions. |
|
| 700 | 1 | _aTwose, Nigel. | |
| 700 | 1 | _aPogrund, Benjamin. | |
| 740 | 0 | _aSudanese people report on their war. | |
| 906 |
_a7 _bcbc _corignew _d2 _encip _f19 _gy-gencatlg |
||
| 942 | _2ddc | ||
| 999 |
_c63769 _d63743 |
||